Rapid review: využití metod a technik v sociální práci v kontextu podpory dětí a mladistvých s duševní poruchou

Analýza rôznych stratégií a intervencií zameraných na prevenciu duševných porúch u mladistvých. Skúmanie rôznych terapeutických prístupov. Práca zdôrazňuje, že sociálna práca hrá dôležitú úlohu v podpore duševného zdravia u detí a mladistvých.

Enregistré dans:
Détails bibliographiques
Auteur principal: Němečková, Klaudie
Autres auteurs: Hricová, Alena
Format: Chapitre de livre
Langue:tchèque
Sujets:
Tags: Ajouter un tag
Pas de tags, Soyez le premier à ajouter un tag!

MARC

LEADER 00000naa a2200000 4500
001 0304784
005 20241024091829.2
041 0 |a cze 
044 |a CZ 
245 1 0 |a Rapid review: využití metod a technik v sociální práci v kontextu podpory dětí a mladistvých s duševní poruchou  |c Klaudie Němečková, Alena Hricová 
520 |a Analýza rôznych stratégií a intervencií zameraných na prevenciu duševných porúch u mladistvých. Skúmanie rôznych terapeutických prístupov. Práca zdôrazňuje, že sociálna práca hrá dôležitú úlohu v podpore duševného zdravia u detí a mladistvých. 
610 2 0 |a práca sociálna 
610 2 0 |a prevencia sociálna 
610 2 0 |a deti 
610 2 0 |a mladiství 
610 2 0 |a hygiena duševná 
610 2 0 |a metódy 
610 2 0 |a technika 
100 1 |a Němečková, Klaudie 
700 1 |a Hricová, Alena